[Event "Hoogeveen Matches 2018"]
[Site "Hoogeveen"]
[Date "2018.10.21"]
[Round "1"]
[White "Shankland, Samuel"]
[Black "Svidler, Peter"]
[Result "1-0"]
[WhiteElo "2722"]
[BlackElo "2756"]
[Annotator "TA"]
[PlyCount "105"]
[EventDate "2018.10.21"]
[EventType "swiss"]
[EventCountry "NED"]
[SourceTitle "playchess.com"]
[Source "ChessBase"]
[SourceQuality "1"]

{[%evp 9,105,11,14,0,20,0,0,0,0,0,42,34,39,31,39,25,26,0,16,18,43,37,45,33,22,39,42,43,57,53,84,79,105,96,98,100,113,116,110,110,110,77,109,99,124,120,120,124,129,74,229,189,218,228,211,112,116,100,108,106,122,114,117,103,103,93,91,71,71,71,110,71,74,71,90,102,107,105,97,75,84,84,84,84,260,250,246,197,197,196,225,221,219,221,219,197,343,343]} 1. d4 Nf6 2. c4 g6 3. f3 c5 4. dxc5 e6 5. Be3 b6 6. cxb6 {E60: King's Indian: Unusual lines and Fianchetto Variation without Nc3} axb6 7. Bg5 $146 ({Predecessor:} 7. Nc3 Bc5 8. Bxc5 bxc5 9. Qd6 Qe7 10. Qxe7+ Kxe7 11. e4 {½-½ (34) Bocharov,D (2595)-Swiercz,D (2665) Moscow 2016}) 7... h6 8. Bh4 {The position is equal.} d5 9. cxd5 exd5 10. e3 Bc5 11. Bb5+ Bd7 $1 {[%cal Rd7b5]} 12. Bxd7+ Nbxd7 13. Nc3 O-O 14. Nge2 Qe8 15. Bf2 Bxe3 16. Bxe3 Qxe3 17. Qd4 $36 {[%mdl 2048] White has some pressure.} Qe7 18. O-O Rfc8 19. Rfd1 Ne5 20. Nf4 (20. Qxb6 $6 Nc4 $11) 20... Rc4 21. Nfxd5 (21. Ncxd5 Nxd5 22. Qxd5 Rac8 $14) 21... Nxd5 22. Qxd5 Ra5 23. Qd8+ Qxd8 24. Rxd8+ Kg7 25. Rad1 Rc6 26. Rb8 Nc4 27. Rdd8 {Intending Ne4 and mate.} Kf6 28. b3 Ne5 29. Ne4+ (29. Nd5+ $142 Ke6 30. Nf4+ (30. Nxb6 $2 Rc1+ 31. Kf2 Rxa2+ 32. Kg3 Rcc2 $19) 30... Ke7 31. Re8+ Kd6 32. Rbd8+ Nd7 33. Re2) 29... Kf5 $2 (29... Ke6 $16) 30. Rd2 Kf4 31. Kf2 Ng4+ 32. fxg4 ({White should try} 32. Ke2 $1 $18) 32... Kxe4 $18 {[%mdl 4096] Endgame KRR-KRR} 33. a4 Rac5 34. h3 Rc3 35. Re8+ Kf4 36. Rd4+ Kg5 37. Re5+ Kf6 38. Rb5 Rc2+ 39. Kg3 Re6 40. Rd3 Kg7 41. Kh2 Rb2 42. h4 {[%cal Bh3h4,Bh4h5][%mdl 32]} Ree2 {[#]} 43. Rg3 $1 ({Don't play} 43. Rxb6 $6 Rxg2+ 44. Kh3 Rh2+ 45. Kg3 Rbg2+ 46. Kf3 Rf2+ 47. Ke3 Re2+ 48. Kd4 Rxh4 $11) 43... Re6 44. h5 Rd6 45. Rb4 g5 46. Rb5 f6 $2 (46... Re6 $16 {might work better.}) 47. Rc3 Re2 48. Rb4 Kf7 49. Rbc4 Ke6 {[#]} 50. Rc8 $1 {[%cal Rc8e8] Re8+ is the strong threat.} Rdd2 51. Rg3 Kf7 52. Rh8 Rf2 (52... Kg7 $142 53. Rb8 Rd6) 53. Rh7+ {Precision: White = 75%, Black = 39%.} ({Weaker is} 53. Rxh6 Kg7 $16) 1-0

[Event "Hoogeveen Matches 2018"]
[Site "Hoogeveen"]
[Date "2018.10.21"]
[Round "1"]
[White "Fedoseev, Vladimir"]
[Black "Van Foreest, Jorden"]
[Result "1/2-1/2"]
[WhiteElo "2713"]
[BlackElo "2617"]
[Annotator "TA"]
[PlyCount "132"]
[EventDate "2018.10.21"]
[EventType "swiss"]
[EventCountry "NED"]
[SourceTitle "playchess.com"]
[Source "ChessBase"]
[SourceQuality "1"]

{[%evp 9,132,0,8,-22,-25,-18,14,16,20,21,18,10,24,24,23,-35,-6,-6,-6,-1,-2,-7,0,0,0,0,0,0,12,8,7,0,0,0,0,0,0,0,0,0,0,0,0,0,0,0,6,0,0,0,0,0,0,0,0,-12,-12,-12,-8,-19,12,8,9,7,14,8,39,11,18,12,69,45,110,114,127,137,137,142,125,135,149,95,93,94,169,160,243,234,243,240,208,70,94,59,57,63,63,58,63,63,67,8,8,8,10,8,8,0,0,0,0,0,0,0,1,-8,0,-8,0,0,0,-8,0,0,0]} 1. d4 Nf6 2. c4 e6 3. Nc3 Bb4 4. e3 O-O 5. Nge2 Re8 {LiveBook: 706 Games} 6. Bd2 {E46: Nimzo-Indian: Rubinstein: 4 e3 0-0 5 Ne2 without early Bd3} (6. a3 Bf8 7. d5 d6 8. g3 exd5 9. cxd5 c5 10. Bg2 Nbd7 11. O-O c4 12. Nd4 Nc5 13. Qe2 Nd3 14. b3 Nxc1 15. Rfxc1 cxb3 {½-½ (74) Caruana,F (2822)-So,W (2780) Saint Louis 2018}) 6... d5 7. Ng3 $146 ({Predecessor:} 7. cxd5 exd5 8. g3 a5 9. Bg2 Na6 10. O-O Bf8 11. a3 c6 12. h3 Nc7 13. Qc2 {0-1 (36) Aleksandrov,A (2639)-Lopez Martinez,J (2570) Lugo 2009}) 7... c5 8. a3 Bxc3 9. Bxc3 cxd4 10. Qxd4 e5 11. Qd2 Nc6 {And now ...d4 would win.} 12. b4 (12. cxd5 $11 Qxd5 13. Qxd5 Nxd5 14. Rc1) 12... Be6 13. b5 d4 14. bxc6 {[%cal Re3d4]} dxc3 15. Qxc3 bxc6 (15... Qc8 {looks sharper.} 16. cxb7 Qxb7 17. f3 Rac8 18. Bd3 h5) 16. Be2 Qc7 17. O-O Rab8 18. h3 h6 19. Rfd1 Red8 20. Bd3 Nd7 21. Bf5 Bxf5 22. Nxf5 Nc5 23. Rxd8+ Rxd8 24. Qb4 Ne6 25. Rb1 Kh7 26. h4 Qd7 27. Ng3 Qd3 28. Rc1 Qd2 29. Qb1+ Qd3 30. Qb4 Qd2 31. Qb1+ Qd3 32. h5 Qxb1 33. Rxb1 $11 {[%mdl 4096] Endgame KRN-KRN} Nc5 34. Nf5 Rd7 35. Rb8 g6 36. hxg6+ fxg6 37. Nh4 Nd3 38. Rc8 c5 39. Rc6 Rg7 (39... Rf7 $11) 40. f3 h5 (40... e4 $1 $14) 41. Kf1 $16 e4 42. fxe4 Re7 43. Nf3 ({Don't play} 43. Rxg6 $6 Rxe4 44. Rd6 Rxe3 $11) 43... Kg7 44. Ke2 Rd7 45. Ng5 ({White should try} 45. e5) 45... Nc1+ 46. Kf3 Kh6 (46... Nd3 $16 47. Ne6+ Kh6) 47. Rxc5 $18 Nb3 (47... Rd1 $16 48. Nf7+ Kg7) 48. Rb5 Nd2+ 49. Kf4 Nxc4 {[#]} 50. Rb8 (50. e5 $1 $18) 50... Ne5 51. Rh8+ Kg7 52. Re8 Nd3+ 53. Kg3 $1 Kf6 54. Nf3 Re7 {[#]} 55. e5+ $1 {[%mdl 512]} Kf7 $11 {The position is equal.} (55... Nxe5 56. Rxe7) 56. Rxe7+ Kxe7 {KN-KN} 57. Kh4 Nb2 $1 58. Nd2 Nd3 59. Nc4 Ne1 60. Kg3 Ke6 61. Na5 Nc2 62. Nc4 Ne1 63. a4 Nd3 64. Kh4 Ne1 ({Don't blunder} 64... Nxe5 $2 65. Nxe5 Kxe5 66. Kg5 $18) 65. Kg3 Nd3 66. Kh4 Ne1 {Precision: White = 62%, Black = 66%.} ({Not} 66... Nxe5 $2 67. Nxe5 Kf5 68. Nc6 $18) 1/2-1/2

[Event "Hoogeveen Matches 2018"]
[Site "Hoogeveen"]
[Date "2018.10.22"]
[Round "2"]
[White "Svidler, Peter"]
[Black "Shankland, Samuel"]
[Result "1-0"]
[WhiteElo "2756"]
[BlackElo "2722"]
[Annotator "TA"]
[PlyCount "67"]
[EventDate "2018.10.21"]
[EventType "swiss"]
[EventCountry "NED"]
[SourceTitle "playchess.com"]
[Source "ChessBase"]
[SourceQuality "1"]

{[%evp 19,67,22,43,0,0,0,16,0,0,0,44,10,58,49,31,55,35,17,26,38,73,43,93,43,191,205,200,178,266,137,149,141,262,278,275,265,370,385,370,362,298,60,145,116,375,370,558,442,710,713]} 1. c4 c5 2. Nf3 Nc6 3. Nc3 g6 4. e3 Nf6 5. d4 cxd4 6. exd4 d5 7. cxd5 Nxd5 8. Qb3 Nxc3 9. Bc4 e6 10. bxc3 Bd7 {[#] LiveBook: 22 Partien. ...Sa5 ist eine echte Drohung.} 11. Bb5 {A35: Englische Eröffnung (Symmetrische Variante)} ({Nicht} 11. Qxb7 $2 Rb8 $19) (11. Bd3 Na5 12. Qb1 Bg7 13. h4 Rc8 14. h5 Bc6 15. Ng5 Bxg2 16. hxg6 Bxh1 17. gxf7+ Kd7 18. Qb4 Qb6 {0-1 (54) Grischuk,A (2766)-So,W (2780) Saint Louis 2018}) 11... a6 12. Be2 $146 ({Vorgänger:} 12. Bxc6 Bxc6 13. O-O Rc8 14. Ne5 Qd5 15. Nxc6 Qxc6 {0-1 (31) Pogosian,G (2201)-Shushpanov,V (2364) Soukhumi 2007}) 12... Na5 13. Qb1 {Die Stellung ist ausgeglichen.} Rc8 14. O-O f6 15. c4 b6 16. c5 bxc5 17. dxc5 Bxc5 18. Bxa6 Rb8 19. Qc2 Qb6 20. Bd3 {Und weiter mit Lxg6+! wäre nett.} Ke7 21. Bf4 Bd6 ({Natürlich nicht} 21... e5 $6 {[#]} 22. Nxe5 $1 {[%mdl 512]} fxe5 23. Bxe5 $16) (21... Rbc8 $14) 22. Bxd6+ Qxd6 23. Rfd1 {Droht stark Lb5!} Qb6 (23... Rhc8 {kämpft weiter.} 24. Qd2 Ba4) 24. Rab1 ({Günstiger ist} 24. Qd2 $18) 24... Qa7 $16 25. Qd2 Ba4 (25... Kf7 $16 26. Rxb8 Rxb8) 26. Rxb8 Rxb8 27. Qh6 Rf8 28. Rc1 Rf7 29. Qf4 Nc6 30. Be4 $2 $40 {[%mdl 128] Schwarz muss sich nun genau verteidigen.} (30. Rc3 $18) 30... g5 (30... e5 $14 31. Qd2 Qd7) 31. Qd2 Qb6 $2 {[%mdl 8192]} (31... Nd8 $16 {war angesagt.} 32. Rc8 Qb6) 32. Qc3 $18 Kd7 (32... Rf8 $142 33. Rb1 (33. Bxh7 Rd8 $16) 33... Qa6) 33. Qd3+ Kc7 (33... Ke7 $142 34. Qc3 Rg7) 34. Qc4 {Precision: Weiß = 66%, Schwarz = 20%.} 1-0

[Event "Hoogeveen Matches 2018"]
[Site "Hoogeveen"]
[Date "2018.10.22"]
[Round "2"]
[White "Van Foreest, Jorden"]
[Black "Fedoseev, Vladimir"]
[Result "1/2-1/2"]
[WhiteElo "2617"]
[BlackElo "2713"]
[Annotator "TA"]
[PlyCount "96"]
[EventDate "2018.10.21"]
[EventType "swiss"]
[EventCountry "NED"]
[SourceTitle "playchess.com"]
[Source "ChessBase"]
[SourceQuality "1"]

{[%evp 15,96,16,20,0,11,0,16,0,0,0,0,-25,0,0,33,-55,-53,-52,34,24,54,0,56,39,66,54,55,51,49,49,46,50,81,42,18,10,20,35,40,43,95,86,105,93,94,61,85,12,23,14,17,7,88,96,83,0,45,40,37,25,7,0,0,0,0,0,116,97,114,0,0,0,0,0,40,0,8,0,0,0,0,0,0]} 1. e4 c5 2. Nf3 d6 3. d4 cxd4 4. Nxd4 Nf6 5. Nc3 a6 6. Be2 e6 7. f4 Be7 8. Be3 O-O 9. Qd2 {B84: Sicilian Scheveningen: 6 Be2 a6, lines without early Be3} Qc7 (9... Nc6 10. O-O-O Qc7 11. g4 Nxd4 12. Qxd4 e5 13. Qd3 exf4 14. Bxf4 Bxg4 15. Bxg4 Nxg4 16. Nd5 Qd8 17. Rhg1 Ne5 18. Bxe5 dxe5 19. Qg3 g6 20. Qxe5 {½-½ (33) Ivanchuk,V (2733)-Van Wely,L (2685) Novi Sad 2016}) 10. g4 d5 11. exd5 $146 ({Predecessor:} 11. e5 Ne4 12. Nxe4 dxe4 13. g5 Nd7 14. c3 b6 15. h4 Rd8 16. h5 Nf8 {1-0 (26) Enders,G (1681)-Hoeck,R (1857) Hanau 2011}) 11... Bb4 12. d6 Qxd6 13. Bf3 $1 Nd5 14. Bxd5 exd5 15. a3 (15. h3 $14) 15... Bxc3 $1 $15 16. Qxc3 Bd7 (16... Bxg4 $15 17. h3 Bd7) 17. Rg1 Rc8 18. Qb4 ({Better is} 18. Qd2 $14) 18... Qc7 (18... Qxb4+ $11 19. axb4 Nc6 20. Nxc6 Bxc6) 19. O-O-O $14 Re8 20. Nf5 {Ne7+ is the strong threat.} Nc6 21. Qc3 $1 {[%csl Gf5][%cal Rc3g7]} Bxf5 22. gxf5 {[%csl Gg1][%cal Rc3g7]} f6 $1 23. Rxd5 Kh8 24. Kb1 Rad8 25. Rgd1 (25. Rd3 {with more complications.} Rxd3 26. Qxd3 Qd8 27. Qb3 Qd7 28. Bc5) 25... Rxd5 26. Rxd5 Qe7 27. Rd3 Qe4 (27... h6 $14) 28. Qb3 $1 $16 {[%cal Rb3b7]} Qe7 29. Bb6 h6 30. Re3 Qd7 31. Rxe8+ (31. Qd3 $16 Re7 32. Rxe7 Qxe7 33. Be3) 31... Qxe8 $11 32. Qe6 Qh5 33. b4 Qd1+ (33... Kh7 $1 $11 {keeps the balance.}) 34. Kb2 $16 {Black must now prevent Qc8+.} Kh7 {[#]} 35. Qf7 ({White should play} 35. Qe4 $1 $16) 35... Nd4 36. Qg6+ Kh8 37. Qe8+ Kh7 38. Qg6+ Kh8 39. Qe8+ Kh7 40. Qe4 Nc6 (40... Ne2 $11 {remains equal.}) 41. a4 Qd7 {[#]} 42. b5 (42. Bc5 $1 $16) 42... axb5 $11 43. axb5 Ne7 44. c4 Nxf5 45. Kc3 Kg6 {The position is equal.} 46. Bc5 Qd1 47. Qg2+ Kh7 48. Qxb7 {And now Qe4 would win.} Qc1+ {Precision: White = 49%, Black = 42%.} 1/2-1/2

[Event "Hoogeveen Matches 2018"]
[Site "Hoogeveen"]
[Date "2018.10.23"]
[Round "3"]
[White "Shankland, Samuel"]
[Black "Svidler, Peter"]
[Result "1/2-1/2"]
[WhiteElo "2722"]
[BlackElo "2756"]
[Annotator "TA"]
[PlyCount "55"]
[EventDate "2018.10.21"]
[EventType "swiss"]
[EventCountry "NED"]
[SourceTitle "playchess.com"]
[Source "ChessBase"]
[SourceQuality "1"]

{[%evp 22,55,19,22,36,43,44,31,68,69,79,83,86,0,0,0,0,0,2,0,2,0,0,0,0,0,0,0,0,0,0,0,0,0,0,0]} 1. d4 Nf6 2. c4 g6 3. Nf3 Bg7 4. g3 c6 5. Bg2 d5 6. b3 dxc4 7. bxc4 c5 8. Bb2 cxd4 9. Nxd4 O-O 10. O-O Nc6 {A49: 1 d4 Nf6 2 Nf3 g6 3 g3: Anti-King's Indian systems} 11. Nxc6 bxc6 12. Nd2 {LiveBook: 3 Games} Bg4 $146 ({Predecessor:} 12... Qc7 13. Qa4 Rb8 14. Nb3 Bg4 15. Bc3 Rfc8 16. h3 Bd7 17. Ba5 Qe5 18. Rad1 {0-1 (32) Rapport,R (2698)-Grischuk,A (2750) chess.com INT 2017}) 13. Bxc6 Rc8 14. Bf3 {Black must now prevent Bxf6.} Bxf3 15. exf3 Qd3 {[#]} 16. Rc1 $1 Rfd8 17. Bc3 (17. Nb3 $16) 17... Bh6 $1 $36 {[%cal Rh6d2][%mdl 2048] The position is equal. Black has some pressure.} 18. f4 Ne4 $1 {[%cal Re4c3]} 19. Nxe4 Qxe4 20. Qa4 Rxc4 21. Qxa7 Ra8 22. Qd7 Rxa2 23. Rfe1 Qf3 24. Bd4 Rxc1 25. Rxc1 Bf8 26. Rc8 {[#] Rxf8+! would kill now.} Ra8 27. Rxa8 Qxa8 28. Be3 {Precision: White = 50%, Black = 71%.} 1/2-1/2

[Event "Hoogeveen Matches 2018"]
[Site "Hoogeveen"]
[Date "2018.10.23"]
[Round "3"]
[White "Fedoseev, Vladimir"]
[Black "Van Foreest, Jorden"]
[Result "1/2-1/2"]
[WhiteElo "2713"]
[BlackElo "2617"]
[Annotator "TA"]
[PlyCount "103"]
[EventDate "2018.10.21"]
[EventType "swiss"]
[EventCountry "NED"]
[SourceTitle "playchess.com"]
[Source "ChessBase"]
[SourceQuality "1"]

{[%evp 20,103,0,0,12,0,8,2,22,27,21,-8,0,0,0,0,0,0,0,0,0,0,0,0,0,0,0,0,0,0,0,0,0,0,0,0,0,0,0,-12,-7,-8,0,-8,-8,-12,0,0,0,0,0,0,0,0,0,0,0,0,0,0,0,0,0,0,0,0,0,0,0,0,0,0,0,0,0,0,0,0,0,0,0,0,0,0,0,0]} 1. d4 Nf6 2. c4 e6 3. Nf3 d5 4. g3 dxc4 5. Bg2 c5 6. O-O Nc6 7. dxc5 Qxd1 {E04: Open Catalan: 5 Nf3} 8. Rxd1 Bxc5 9. Nfd2 Na5 10. Na3 Bxa3 11. bxa3 {LiveBook: 14 Games. next Bb2 is good for White.} O-O 12. Ne4 Nxe4 13. Bxe4 e5 14. Bb2 Re8 {[#]} 15. f3 $146 {The position is equal.} ({Predecessor:} 15. Bc3) 15... f5 16. Bd5+ Be6 17. Bxe6+ Rxe6 18. Rd7 Nc6 19. Rad1 Re7 20. Rxe7 Nxe7 $11 {[%mdl 4096] Endgame KRB-KRN} 21. Rd7 Kf7 22. Rxb7 Ke6 23. Rb5 Nc6 24. Rc5 Rb8 $1 {[#] And now ...Kd6 would win.} 25. Bc1 Nd4 26. Kf2 Rb1 27. Rxc4 Ra1 28. Bb2 Rxa2 29. Rb4 Nc2 30. Rb7 g6 31. f4 exf4 32. gxf4 Nxa3 33. Bd4 a6 34. Rxh7 Nb5 35. Bh8 Nd6 36. Rg7 Ne4+ 37. Kf1 Kf6 38. Ra7+ Ke6 39. Rg7 Kf6 40. Rb7+ Ke6 41. Rb6+ Kf7 42. Be5 Nd2+ 43. Ke1 Ne4 44. Rb7+ Ke6 45. Rb6+ Kf7 46. h4 Ra3 47. Rb7+ Ke6 48. Kd1 a5 49. Rb6+ Kf7 50. Rb7+ Ke6 51. Rb6+ Kf7 52. Rb7+ {Precision: White = 88%, Black = 69%.} 1/2-1/2

[Event "Hoogeveen Matches 2018"]
[Site "Hoogeveen"]
[Date "2018.10.25"]
[Round "4"]
[White "Svidler, Peter"]
[Black "Shankland, Samuel"]
[Result "1-0"]
[WhiteElo "2756"]
[BlackElo "2722"]
[Annotator "TA"]
[PlyCount "61"]
[EventDate "2018.10.21"]
[EventType "swiss"]
[EventCountry "NED"]
[SourceTitle "playchess.com"]
[Source "ChessBase"]
[SourceQuality "1"]

{[%evp 25,61,-14,-23,-15,8,5,47,11,33,0,0,0,56,30,218,240,217,234,192,201,496,472,480,481,1025,329,926,922,910,896,29979,29980,29980,29981,29979,29980,29986,5414]} 1. Nf3 d5 2. e3 Nf6 3. c4 e6 4. Nc3 dxc4 5. Bxc4 a6 6. O-O b5 7. Bb3 Bb7 8. d4 Nbd7 9. Qe2 c5 10. Rd1 Qb8 11. e4 cxd4 12. Nxd4 Bd6 13. g3 O-O {LiveBook: 6 Partien. D29: Angenommenes Damengambit (Hauptvariante 7.De2 nebst Sbd7)} 14. f3 {[#]} Rc8 $146 ({Vorgänger:} 14... Nc5 15. Bc2 Rd8 16. Be3 Qc7 17. a3 Rac8 18. Rd2 Ncd7 19. Rad1 b4 20. axb4 Bxb4 21. Rc1 {0-1 (28) Meyer,M (2348)-Guliyev,N (2510) Germany 2011}) 15. Be3 Nf8 {Die Stellung ist ausgeglichen.} 16. Rac1 h5 17. Qd2 {Droht stark Sxe6.} Rd8 18. Nce2 h4 (18... Bc7 $11) 19. Bg5 $14 {Und weiter mit Lxf6 wäre nett.} ({Ein No Go ist} 19. gxh4 Bxh2+ 20. Kg2 (20. Kf1 $2 e5 $17) 20... Ng6 $15) 19... hxg3 $2 (19... Be7 $11) 20. Bxf6 $1 $18 gxf6 (20... gxh2+ 21. Kh1 $16) 21. Qh6 $1 Be5 {[#]} ({Und nicht} 21... gxh2+ 22. Kh1 $16) 22. Kh1 $1 $40 {[%mdl 128] Weiss hat starken Angriff.} g2+ $2 (22... Nh7 {war angesagt.}) 23. Kxg2 Bxd4 24. Nxd4 ({Nicht} 24. Rxd4 Rxd4 25. Nxd4 Qe5 $18) 24... Qe5 {[#]} (24... Rxd4 $142 25. Rxd4 Qe5) 25. Kh1 $2 (25. Nf5 $1 {[%mdl 512]} exf5 26. Kh1 Rxd1+ 27. Rxd1) 25... Bxe4 $2 (25... Rxd4 26. Rxd4 Qxd4) 26. Rg1+ Bg6 {[#]} 27. Nxe6 $1 {[%mdl 512]} fxe6 28. Rxg6+ {Weiß setzt Matt.} Nxg6 29. Qxg6+ Kf8 30. Qh6+ Ke7 31. Qh7+ {Precision: Weiß = 63%, Schwarz = 25%.} (31. Qg7+ $142 Ke8 32. Bc2 Rdc8 33. Bg6+ Kd8 34. Rd1+ Qd5 35. Rxd5+ exd5 36. Bf5) 1-0

[Event "Hoogeveen Matches 2018"]
[Site "Hoogeveen"]
[Date "2018.10.25"]
[Round "4"]
[White "Van Foreest, Jorden"]
[Black "Fedoseev, Vladimir"]
[Result "1/2-1/2"]
[WhiteElo "2617"]
[BlackElo "2713"]
[Annotator "TA"]
[PlyCount "138"]
[EventDate "2018.10.21"]
[EventType "swiss"]
[EventCountry "NED"]
[SourceTitle "playchess.com"]
[Source "ChessBase"]
[SourceQuality "1"]

{[%evp 20,138,32,24,30,35,42,-7,-11,-9,-17,-31,-27,-59,-18,-16,-35,-82,0,-85,-68,-121,-93,-91,-143,-97,-85,-88,-85,-112,-108,-105,-92,-147,-60,-60,-60,-58,-58,-69,-59,-56,-59,-62,-62,-112,-55,-51,-33,-39,-39,-39,-33,-33,-33,-33,-34,-39,-30,-29,-22,-25,-27,-39,-28,-70,-70,-70,-69,-83,-69,-87,-86,-86,-87,-97,-87,-91,-70,-74,-68,-80,-58,-77,-61,-68,-69,-68,-50,-69,-69,-70,-70,-69,-69,-71,-69,-70,-68,-66,-8,-8,0,0,0,0,0,-8,0,0,0,0,0,0,0,0,0,0,0,0,0]} 1. e4 c5 2. Nf3 d6 3. d4 cxd4 4. Nxd4 Nf6 5. Nc3 a6 6. Be2 e6 7. Be3 Qc7 8. Qd2 b5 9. f3 {B84: Sicilian Scheveningen: 6 Be2 a6, lines without early Be3} Nbd7 (9... Bb7 10. a4 b4 11. Na2 d5 12. e5 Nfd7 13. f4 Nc5 14. O-O Ne4 15. Qe1 Qb6 16. a5 Qxa5 {½-½ (41) Sjugirov,S (2652)-Navara,D (2737) Batumi 2018}) 10. a3 h5 11. O-O-O {LiveBook: 3 Games. White is slightly better.} Bb7 12. Kb1 Be7 13. h4 $146 ({Predecessor:} 13. Ncxb5 axb5 14. Nxb5 Qb8 15. Nxd6+ Kf8 16. Qb4 Bc6 17. Qxb8+ Rxb8 {½-½ (41) Romanov,R (2393)-Zemlyanov,S (2380) ICCF email 2011}) 13... O-O 14. Bg5 Rfc8 15. Bd3 Rab8 16. Rh3 Ba8 17. Rg3 Ne5 18. Bh6 Ne8 (18... g6 $1 $17) 19. Bg5 (19. Bxg7 $11 Nxg7 20. Qh6) 19... Bf8 20. f4 (20. Nce2 $1 $15) 20... Nxd3 21. Rxd3 b4 22. axb4 f6 23. Nxe6 Qc4 24. Nxf8 Qxb4 {[%csl Gb8][%cal Rb4b2]} 25. b3 Kxf8 26. Bh6 {[#]} (26. Kb2 $142) 26... Bxe4 ({Much weaker is} 26... gxh6 $6 27. e5 $15) (26... a5 $1 $17 {White must now prevent ...a4.} 27. e5 (27. f5 a4 $17) 27... a4 28. exf6 Nxf6) 27. Nxe4 $15 Qxe4 28. f5 $1 gxh6 29. Qxh6+ Ng7 $1 30. Qxf6+ Kg8 31. Qxd6 Qxf5 32. Qd5+ {[#]} Qxd5 (32... Kh7 $1 $17 33. Qxf5+ Nxf5) 33. Rxd5 Rc6 {Strongly threatening ...Rg6.} 34. g4 hxg4 35. Rg5 {Threatens to win with Rd7.} Kh7 {Hoping for ...Rb4.} 36. Rxg4 Kh6 37. Rd5 Rf8 38. Kb2 Rf2 39. Rc4 Re6 40. Rdc5 Rff6 41. b4 Rb6 42. b5 Ne6 (42... axb5 $2 43. Rb4 $17) 43. Rc6 Rxb5+ 44. Ka3 Rf3+ 45. c3 Re3 {And now ...Re1 would win.} 46. Rxa6 Kg6 47. Rcc6 Kf5 48. Rab6 Ra5+ 49. Kb4 Ra1 50. Rb5+ Kg4 51. h5 Rh1 52. Ka5 Nf4 53. Kb6 Rd3 54. h6 Re3 55. Rb4 Kg3 {...Nd5+ is the strong threat.} 56. c4 Ne6 57. c5 Rxh6 58. Rc8 Nf4+ 59. Kb7 Re7+ (59... Rh7+ $15 60. Kb8 Ng6) 60. Kb8 $11 {The position is equal.} Nd5 61. Rb3+ Kf4 62. c6 Ke5 63. c7 Rd6 64. Rh8 Rxc7 65. Rh5+ Kd4 {[%cal Rd6d8] [#]} 66. Rxd5+ $1 {[%mdl 512]} Rxd5 (66... Kxd5 67. Kxc7) 67. Kxc7 Rc5+ 68. Kb6 Rc3 69. Rxc3 Kxc3 {Precision: White = 61%, Black = 54%.} 1/2-1/2

[Event "Hoogeveen Matches 2018"]
[Site "Hoogeveen"]
[Date "2018.10.26"]
[Round "5"]
[White "Shankland, Samuel"]
[Black "Svidler, Peter"]
[Result "1/2-1/2"]
[WhiteElo "2722"]
[BlackElo "2756"]
[Annotator "TA"]
[PlyCount "48"]
[EventDate "2018.10.21"]
[EventType "swiss"]
[EventCountry "NED"]
[SourceTitle "playchess.com"]
[Source "ChessBase"]
[SourceQuality "1"]

{[%evp 21,48,27,21,27,18,18,54,15,17,0,0,5,16,0,0,-8,0,-31,0,0,0,0,0,0,0,0,0,-4,0]} 1. d4 Nf6 2. c4 g6 3. Nf3 Bg7 4. g3 c6 5. Nc3 d5 6. cxd5 cxd5 7. Ne5 O-O 8. Bg2 b6 9. O-O Bb7 10. Qa4 {D79: Fianchetto Grünfeld: Symmetrical Variation (6 0-0 c6 7 cxd5 cxd5)} a6 11. Bf4 (11. Bg5 Ne4 12. Be3 Nxc3 13. bxc3 b5 14. Qb3 Nd7 15. a4 Nxe5 16. dxe5 Bxe5 17. axb5 axb5 18. Qxb5 Bxc3 19. Rac1 Ba6 20. Qxd5 Qxd5 21. Bxd5 Rac8 {½-½ (21) Xiong,J (2652)-Vachier Lagrave,M (2795) chess.com INT 2017}) 11... e6 {LiveBook: 5 Games} 12. Rfc1 Nfd7 13. Nf3 {[#]} Qe7 $146 ({Predecessor:} 13... Nc6 14. e4 b5 15. Qd1 Ne7 16. e5 Nb6 17. Qd2 Nc4 {½-½ (58) Raznikov,D (2506)-Xiong,J (2609) Dallas 2016}) 14. Qd1 Rc8 15. Qd2 Nf6 16. Ne5 Nbd7 17. a4 Nxe5 18. Bxe5 Bf8 19. Qd1 Bh6 20. Bxf6 {The position is equal.} Qxf6 21. e3 Qd8 22. Qb3 Bf8 23. Ne2 Rxc1+ 24. Rxc1 Rc8 {Precision: White = 61%, Black = 42%.} 1/2-1/2